<?xml version="1.0" encoding="UTF-8"?>
<record
    xmlns:xsi="http://www.w3.org/2001/XMLSchema-instance"
    xsi:schemaLocation="http://www.loc.gov/MARC21/slim http://www.loc.gov/standards/marcxml/schema/MARC21slim.xsd"
    xmlns="http://www.loc.gov/MARC21/slim">

  <leader>01159nam a2200253 u 4500</leader>
  <controlfield tag="001">845</controlfield>
  <controlfield tag="005">20260428103533.0</controlfield>
  <controlfield tag="008">950310s1980                        spa  </controlfield>
  <datafield tag="020" ind1=" " ind2=" ">
    <subfield code="a">8432988057</subfield>
  </datafield>
  <datafield tag="035" ind1=" " ind2=" ">
    <subfield code="a">845</subfield>
  </datafield>
  <datafield tag="035" ind1=" " ind2=" ">
    <subfield code="a">(OCoLC)434842469</subfield>
  </datafield>
  <datafield tag="040" ind1=" " ind2=" ">
    <subfield code="c">comduadb</subfield>
  </datafield>
  <datafield tag="041" ind1=" " ind2=" ">
    <subfield code="a">spa</subfield>
  </datafield>
  <datafield tag="082" ind1=" " ind2="4">
    <subfield code="a">157</subfield>
  </datafield>
  <datafield tag="100" ind1="1" ind2="0">
    <subfield code="a">Buira, Carlos Maria</subfield>
    <subfield code="4">aut</subfield>
    <subfield code="e">aut</subfield>
    <subfield code="9">239487</subfield>
  </datafield>
  <datafield tag="245" ind1="1" ind2="0">
    <subfield code="a">Psicodiagnostico y estadistica</subfield>
  </datafield>
  <datafield tag="260" ind1=" " ind2=" ">
    <subfield code="a">Barcelona :</subfield>
    <subfield code="b">Ediciones Ceac,</subfield>
    <subfield code="c">1980.</subfield>
  </datafield>
  <datafield tag="300" ind1=" " ind2=" ">
    <subfield code="a">200 p&#xE1;ginas</subfield>
  </datafield>
  <datafield tag="500" ind1=" " ind2=" ">
    <subfield code="a">CONTENIDO : I: Psicodiagnostico. -- Introducci&#xF3;n. -- 1: El diagn&#xF3;stico psicol&#xF3;gico. -- 2: Psicometr&#xED;a. -- 3: Examen psicol&#xF3;gico. -- 4: La medida de las aptitudes intelectuales. -- 5: La medida de la personalidad. -- II: Estadistica. -- 1: Conceptos generales. -- 2: Ley normal. -- 3: Sistema de puntuaci&#xF3;n de los tests. -- 4: Correlaci&#xF3;n regresi&#xF3;n. -- 5: T&#xE9;cnicas de estad&#xED;sticas para la aplicaci&#xF3;n de tests objetivos de rendimiento. -- 6: Coeficiente de correlaci&#xF3;n biserial puntual.</subfield>
  </datafield>
  <datafield tag="650" ind1=" " ind2="7">
    <subfield code="a">Estad&#xED;stica</subfield>
    <subfield code="2">dcs</subfield>
    <subfield code="9">1736</subfield>
  </datafield>
  <datafield tag="650" ind1=" " ind2="7">
    <subfield code="a">Psicodiagn&#xF3;stico</subfield>
    <subfield code="2">embne</subfield>
    <subfield code="9">32772</subfield>
  </datafield>
  <datafield tag="700" ind1="1" ind2="0">
    <subfield code="a">Domenech, Jose Maria</subfield>
    <subfield code="4">aut</subfield>
    <subfield code="e">aut</subfield>
    <subfield code="9">473247</subfield>
  </datafield>
  <datafield tag="942" ind1=" " ind2=" ">
    <subfield code="c">BOOK</subfield>
  </datafield>
  <datafield tag="999" ind1=" " ind2=" ">
    <subfield code="c">1348</subfield>
    <subfield code="d">1348</subfield>
  </datafield>
  <datafield tag="952" ind1=" " ind2=" ">
    <subfield code="0">0</subfield>
    <subfield code="1">0</subfield>
    <subfield code="4">0</subfield>
    <subfield code="7">0</subfield>
    <subfield code="8">GEN</subfield>
    <subfield code="a">BC</subfield>
    <subfield code="b">BC</subfield>
    <subfield code="d">1997-08-28</subfield>
    <subfield code="i">C928</subfield>
    <subfield code="l">0</subfield>
    <subfield code="o">157.92 F727p</subfield>
    <subfield code="p">61000001743646</subfield>
    <subfield code="r">2023-04-20 00:00:00</subfield>
    <subfield code="t">1</subfield>
    <subfield code="w">2023-04-20</subfield>
    <subfield code="y">BOOK</subfield>
  </datafield>
</record>
